| 000 | 00847nas a2200277 4500 | ||
|---|---|---|---|
| 001 | BR9201499 | ||
| 003 | BR-BrBNA | ||
| 005 | 20231205092418.0 | ||
| 007 | ta | ||
| 008 | 230509b bl.|||p| |||| 00| 00por d | ||
| 040 |
_aBR-BrBNA _bpor _cBiblioteca Nacional de Agricultura |
||
| 041 | _a(Pt) | ||
| 072 | _aQ02 | ||
| 100 | 1 | _aFreire, E.S. | |
| 100 | 1 | _aSantos Filho, L.P. dos | |
| 100 | 1 | _aSerodio, R. dos S. | |
| 245 | 1 | _aCalibracao de um medidor de umidade, tipo condutancia, para cacau | |
| 246 | 1 | _aCalibration of a conductance type moisture meter for cacao | |
| 650 | _aCACAU | ||
| 650 | _aGRAO | ||
| 650 | _aUMIDADE | ||
| 773 | 0 |
_tAgrotropica (Brazil) _xISSN 0103-3816 _g(Sep-Dec 1990), v. 2(3) p. 151-155 _wBR9201499 |
|
| 856 | 4 | 0 | _dLink DSPACE/MAPA BR9201499 |
| 909 |
_a202311 _bLúcia _c55 _dLúcia Elande |
||
| 942 |
_2AGRIS _n0 _cANA |
||
| 999 |
_c131524 _d131524 |
||